header

IBM WebSphere portal V4 developer's handbook (Record no. 210737)

MARC details
000 -LEADER
fixed length control field 01307nam a2200373Ia 4500
100 1# - MAIN ENTRY--AUTHOR NAME
Personal name Rodriguez, Juan R.
245 10 - TITLE STATEMENT
Title IBM WebSphere portal V4 developer's handbook
260 ## - PUBLICATION, DISTRIBUTION, ETC. (IMPRINT)
Place of publication San Jose, CA :
Name of publisher IBM Corp.,
Year of publication 2003.
300 ## - PHYSICAL DESCRIPTION
Number of Pages xvi, 360 p. :
Other physical details ill.
490 1# - SERIES STATEMENT
Series statement IBM redbooks
500 ## - GENERAL NOTE
General note Includes index.
650 #0 - SUBJECT ADDED ENTRY--TOPICAL TERM
Topical Term Client/server computing.
700 1# - ADDED ENTRY--PERSONAL NAME
Personal name Curlier, Jerome.
Personal name Frei, Werner.
Personal name Hatzidakis, Denise.
Personal name Moetzel, Juergen.
Personal name Ting, Nancy.
Personal name VanRaay, Shawn.
856 40 - ELECTRONIC LOCATION AND ACCESS
Uniform Resource Identifier http://site.ebrary.com/lib/rucke/Doc?id=10112834

No items available.

© 2026 Rongo University
Contact us: librarian | system librarian | Rongo university